| 000 | 01241nam a22003017a 4500 | ||
|---|---|---|---|
| 003 | DO-SdBNP | ||
| 005 | 20260321073645.0 | ||
| 006 | a||||gr|||| 00| 0 | ||
| 007 | ta | ||
| 008 | 230913e1988 dr abc|| |||| 00| e spa d | ||
| 040 |
_aDO-SdBNP _bspa _cBNPHU _erda |
||
| 082 | 4 |
_a320.97293 _bJ61c _222 |
|
| 100 | 1 |
_aJiménez, Felix. _eautor _d1949- _984723 |
|
| 245 | 1 | 0 |
_a¿Cómo fue el gobierno de Juan Bosch? / _cFélix Jiménez |
| 264 |
_aSanto Domingo : _bAlfa y Omega, _c1988 |
||
| 300 |
_a445 páginas : _bIlustraciones, mapas, retratos ; _c21 cm. |
||
| 336 |
_2rdacontent _atexto _btxt |
||
| 337 |
_2rdamedia _asin mediación _bn |
||
| 338 |
_2rdacarrier _aVolumen _bnc |
||
| 500 | _aIncluye datos biográficos del autor en la contracubierta | ||
| 500 | _a"Constitución, leyes, decretos, discursos, programas y acciones relevantes del gobierno del Prof. Bosch del 1963. Incluye una entrevista especial al Prof. Bosch acerca de su programa de gobierno". | ||
| 590 | _aInventariado 2023 / MF | ||
| 600 | 1 | 0 |
_a Bosch, Juan, _d1909-2001 _976555 |
| 651 | 7 |
_aRepública Dominicana _xPolítica y gobierno _z1961- _945 _2LEMB |
|
| 651 | 4 |
_aRepública Dominicana _xHistoria _9170 |
|
| 910 | _aValidado. Control de calidad MFF | ||
| 942 |
_2ddc _cLBS1 |
||
| 999 |
_c54731 _d54731 |
||